Kolegovia vám na dôchodok nezarobia. Zložené úroky áno

Guardado en:
Detalles Bibliográficos
Autor principal: Škriniar, Pavel, 1979-
Formato: Capítulo de libro
Lenguaje:eslovaco
Materias:
Etiquetas: Agregar Etiqueta
Sin Etiquetas, Sea el primero en etiquetar este registro!

MARC

LEADER 00000naa a2200000 4500
001 0264323
005 20240502074206.4
041 0 |a slo 
044 |a SK 
245 1 0 |a Kolegovia vám na dôchodok nezarobia. Zložené úroky áno  |c Pavel Škriniar 
610 2 0 |a financie 
610 2 0 |a úspory 
610 2 0 |a úrok 
100 1 |a Škriniar, Pavel, 1979-